A TEXT BOOK ON DYNAMICS (Record no. 29237)
[ view plain ]
| 000 -LEADER | |
|---|---|
| fixed length control field | 00449cam a2200205ua 4500 |
| 001 - CONTROL NUMBER | |
| control field | 5780 |
| 003 - CONTROL NUMBER IDENTIFIER | |
| control field | OSt |
| 005 - DATE AND TIME OF LATEST TRANSACTION | |
| control field | 20230508110148.0 |
| 008 - FIXED-LENGTH DATA ELEMENTS--GENERAL INFORMATION | |
| fixed length control field | 120117n1994 II |||gr||||Z||||||eng |
| 040 ## - CATALOGING SOURCE | |
| Original cataloging agency | MAIN |
| Transcribing agency | |
| 041 ## - LANGUAGE CODE | |
| Language code of text/sound track or separate title | English |
| 082 ## - DEWEY DECIMAL CLASSIFICATION NUMBER | |
| Classification number | 536 RAY |
| 100 ## - MAIN ENTRY--PERSONAL NAME | |
| Personal name | RAY, M. |
| 245 ## - TITLE STATEMENT | |
| Title | A TEXT BOOK ON DYNAMICS |
| 250 ## - EDITION STATEMENT | |
| Edition statement | REP |
| 260 ## - PUBLICATION, DISTRIBUTION, ETC. | |
| Place of publication, distribution, etc. | NEW DELHI |
| Name of publisher, distributor, etc. | S.CHAND & COMPANY |
| Date of publication, distribution, etc. | 2016 |
| 300 ## - PHYSICAL DESCRIPTION | |
| Extent | 327.: |
| Dimensions | 22CM. |
| 653 ## - INDEX TERM--UNCONTROLLED | |
| Uncontrolled term | Heat |
| 942 ## - ADDED ENTRY ELEMENTS (KOHA) | |
| Koha item type | Books |
| Source of classification or shelving scheme | Dewey Decimal Classification |
| Withdrawn status | Lost status | Source of classification or shelving scheme | Damaged status | Not for loan | Collection code | Home library | Current library | Shelving location | Date acquired | Full call number | Barcode | Date last seen | Price effective from | Koha item type | Public note |
|---|---|---|---|---|---|---|---|---|---|---|---|---|---|---|---|
| Dewey Decimal Classification | TBMAT | Central Library and Information Centre Sibsagar Girls College | Central Library and Information Centre Sibsagar Girls College | MATHEMATICS BOOK RACK | 28.08.2017 | 536 RAY | 40555 | 08.05.2023 | 08.05.2023 | Books | V | ||||
| Dewey Decimal Classification | TBMAT | Central Library and Information Centre Sibsagar Girls College | Central Library and Information Centre Sibsagar Girls College | MATHEMATICS BOOK RACK | 28.08.2017 | 536 RAY | 40556 | 08.05.2023 | 08.05.2023 | Books | V | ||||
| Dewey Decimal Classification | TBMAT | Central Library and Information Centre Sibsagar Girls College | Central Library and Information Centre Sibsagar Girls College | MATHEMATICS BOOK RACK | 28.08.2017 | 536 RAY | 40557 | 08.05.2023 | 08.05.2023 | Books | V |